[Event "1.FrauenBL 2016-17"]
[Site "Berlin"]
[Date "2017.04.29"]
[Round "11.8"]
[White "Scheynin, Julia"]
[Black "Steinbacher, Claudia"]
[Result "1/2-1/2"]
[WhiteElo "2028"]
[BlackElo "2043"]
[Annotator "NA"]
[PlyCount "105"]
[EventDate "2017.??.??"]
[EventType "team-tourn"]
[EventCountry "GER"]
[SourceTitle "playchess.com"]
[Source "ChessBase"]
[SourceQuality "1"]
[WhiteTeam "Karlsruher SF"]
[BlackTeam "Rodewischer SM"]
[TimeControl "40/6000+30:3000+30"]

1. e4 {[%emt 1:30:26]} c5 {[%emt 1:30:19]} 2. Nc3 {[%emt 1:30:46]} Nc6 {[%emt 1:30:30]} 3. g3 {[%emt 1:31:04]} g6 {[%emt 1:29:38]} 4. Bg2 {[%emt 1:31:30]} Bg7 {[%emt 1:30:03]} 5. f4 {[%emt 1:31:45]} d6 {[%emt 1:27:22]} 6. d3 {[%emt 1:28:18]} e6 {[%emt 1:28:18]} 7. Nf3 {[%emt 1:25:25]} Nge7 {[%emt 1:25:25]} 8. O-O {[%emt 1:25:44]} O-O {[%emt 1:21:05]} 9. Bd2 {[%emt 1:24:51]} a6 {[%emt 1:20:12]} 10. Rb1 {[%emt 1:15:21]} b5 {[%emt 1:12:35] B25: Closed Sicilian: 3 g3, lines without early Be3} (10... Rb8 11. Ne2 b5 12. c3 Bd7 13. g4 f5 14. g5 e5 15. fxe5 Nxe5 16. Nxe5 dxe5 17. Be3 Qc7 18. Qc2 {0-1 (37) Kopta,J (1960)-Kocian,K (2222) Czechia 2014}) 11. a3 {[%emt 1:12:36]} Qb6 {[%emt 1:11:38]} 12. Kh1 {[%emt 1:12:09]} a5 $146 {[%emt 1:11:37]} (12... Bb7 13. Qe1 a5 14. Nd1 b4 15. Ne3 Ba6 16. g4 Nd4 17. Nxd4 Bxd4 18. Nc4 Bxc4 19. dxc4 {0-1 (29) Gonzalez Lopez,L-Alcaraz Soriano,A Murcia 2000}) 13. a4 {[%emt 1:09:14]} bxa4 {[%emt 1:04:44]} 14. Nxa4 {[%emt 1:09:13]} Qc7 {[%emt 1:05:10]} 15. b3 {[%emt 0:59:51]} Nd4 {[%emt 0:59:58]} 16. Nxd4 {[%emt 0:50:23]} cxd4 {[%emt 1:00:04]} ({Don't capture} 16... Bxd4 $2 17. e5 Ba6 18. c3 $18) 17. c3 {[%emt 0:48:52]} Ba6 {[%emt 0:58:27]} 18. c4 {[%emt 0:46:38]} Nc6 {[%emt 0:55:31]} 19. f5 {[%emt 0:42:45]} f6 {[%emt 0:51:57]} 20. fxe6 {[%emt 0:51:57]} Rae8 {[%emt 0:52:07]} 21. Bf4 {[%emt 0:29:29]} Ne5 {[%emt 0:51:13]} 22. Bxe5 {[%emt 0:26:57]} dxe5 {[%emt 0:51:12]} 23. b4 {[%emt 0:25:22]} axb4 {[%emt 0:25:22]} 24. Rxb4 {[%emt 0:24:10]} Rxe6 {[%emt 0:47:10]} 25. Qb3 {[%emt 0:47:10]} Rf7 {[%emt 0:42:11]} 26. Rb1 {[%emt 0:18:00]} Bf8 {[%emt 0:39:19]} 27. c5 {[%emt 0:11:57]} Rc6 {[%emt 0:38:39]} 28. Rc1 {[%emt 0:08:17]} (28. Bh3 $11) 28... Bc8 {[%emt 0:27:07]} 29. Rb6 {[%emt 0:06:54]} Rxb6 {[%emt 0:16:37]} 30. Nxb6 {[%emt 0:06:47]} Kg7 $11 {[%emt 0:12:56]} ({Don't take} 30... Bxc5 $2 31. Nxc8 (31. Na4 Qb7 32. Nxc5 Qxb3 33. Nxb3 Be6 $18) 31... Qxc8 32. Qc4 $18) 31. Nd5 {[%emt 0:04:39]} Qa5 {[%emt 0:11:07]} 32. Qc2 {[%emt 0:03:34]} Ra7 {[%emt 0:03:34]} 33. Qf2 {[%emt 0:03:03]} Qd8 {[%emt 0:03:03]} 34. c6 {[%emt 0:02:33]} Bd6 {[%emt 0:07:53]} 35. Rf1 {[%emt 0:02:29]} Rf7 {[%emt 0:02:29]} 36. Qc2 {[%emt 0:02:54]} Be6 {[%emt 0:05:14]} 37. Rc1 {[%emt 0:03:02]} Bxd5 {[%emt 0:03:02]} 38. exd5 {[%emt 0:03:30]} Qa5 {[%emt 0:03:34]} 39. g4 {[%emt 0:02:48]} Qa3 {[%emt 0:02:54]} 40. Rf1 {[%emt 0:02:48]} Rc7 {[%emt 0:01:55]} 41. Be4 {[%emt 0:02:59]} Be7 {[%emt 0:29:55]} 42. Qf2 {[%emt 0:29:32]} Qd6 {[%emt 0:27:11]} 43. Qa2 {[%emt 0:26:26]} Qc5 {[%emt 0:19:49]} 44. Qb2 {[%emt 0:22:22]} Bd6 {[%emt 0:14:44]} 45. Qf2 {[%emt 0:14:44]} Rf7 {[%emt 0:20:30]} 46. Qg2 {[%emt 0:19:14]} Bc7 {[%emt 0:12:43]} 47. h4 {[%emt 0:17:31]} Rf8 {[%emt 0:11:45]} 48. h5 {[%emt 0:16:24]} Qd6 {[%emt 0:08:38]} 49. Qh3 {[%emt 0:14:35]} Bd8 {[%emt 0:07:07]} 50. h6+ {[%emt 0:13:49]} Kh8 {[%emt 0:07:19]} 51. Qg2 {[%emt 0:12:14]} f5 {[%emt 0:12:14]} 52. Z0 {[%emt 0:12:14]} g5 {[%emt 0:12:14]} 53. Z0 {[%emt 0:12:14] Rh8 0:12:14} 1/2-1/2

[Event "1.FrauenBL 2016-17"]
[Site "Berlin"]
[Date "2017.04.29"]
[Round "11.9"]
[White "Sieber, Fiona"]
[Black "Endress, Anna"]
[Result "1-0"]
[WhiteElo "2193"]
[BlackElo "2116"]
[Annotator "NA"]
[PlyCount "55"]
[EventDate "2017.??.??"]
[EventType "team-tourn"]
[EventCountry "GER"]
[SourceTitle "playchess.com"]
[Source "ChessBase"]
[SourceQuality "1"]
[WhiteTeam "SK Lehrte"]
[BlackTeam "TuRa Harksheide"]
[TimeControl "40/6000+30:3000+30"]

1. e4 {[%emt 1:30:30]} c5 {[%emt 1:30:23]} 2. Nf3 {[%emt 1:30:51]} d6 {[%emt 1:30:51]} 3. d4 {[%emt 1:30:47]} cxd4 {[%emt 1:31:12]} 4. Nxd4 {[%emt 1:31:43]} Nf6 {[%emt 1:31:36]} 5. Nc3 {[%emt 1:32:09]} a6 {[%emt 1:31:59]} 6. Be3 {[%emt 1:31:59]} e5 {[%emt 1:32:09]} 7. Nb3 {[%emt 1:32:13]} Be7 {[%emt 1:32:15]} 8. f3 {[%emt 1:32:22]} Be6 {[%emt 1:32:12]} 9. Qd2 {[%emt 1:32:20]} h5 {[%emt 1:31:26]} 10. O-O-O {[%emt 1:28:35]} Nbd7 {[%emt 1:28:29]} 11. Kb1 {[%emt 1:22:04]} Rc8 {[%emt 1:22:04]} 12. Be2 {[%emt 1:02:46] B90: Sicilian Najdorf: Unusual White 6th moves, 6 Be3 Ng4 and 6 Be3 e5} ({Relevant:} 12. Bd3 Qc7 13. h3 h4 14. f4 b5 15. Rhe1 Bc4 16. fxe5 dxe5 17. Nd5 Nxd5 18. exd5 Bxd3 19. Qxd3 Qc4 {1-0 (27) Shirov,A (2683)-Delgado Ramirez,N (2615) Florianopolis 2017}) 12... Qc7 {[%emt 1:06:52]} 13. Rhe1 {[%emt 1:00:43]} O-O $146 {[%emt 1:00:43]} ({Predecessor (3):} 13... b5 14. Nd5 Bxd5 15. exd5 Nb6 16. Bxb6 Qxb6 17. Bf1 O-O 18. g3 Bd8 19. f4 e4 {0-1 (39) Liwak,P (2250)-Staniszewski,P (2435) Poland 1998}) 14. f4 {[%emt 0:50:13]} Nb6 {[%emt 0:37:39]} 15. Bxb6 {[%emt 0:31:36]} Qxb6 {[%emt 0:38:02]} 16. f5 {[%emt 0:31:58]} Bc4 {[%emt 0:34:09]} 17. h3 {[%emt 0:30:28]} Rfd8 {[%emt 0:20:30]} 18. Bxc4 {[%emt 0:29:03]} Rxc4 {[%emt 0:20:07] [#]} 19. g4 $1 {[%emt 0:29:15]} d5 {[%emt 0:18:14]} 20. Nxd5 {[%emt 0:25:53]} Nxd5 {[%emt 0:18:18]} 21. exd5 {[%emt 0:26:16]} hxg4 {[%emt 0:16:08]} 22. Qe2 {[%emt 0:25:48]} Rdc8 {[%emt 0:15:33]} 23. hxg4 $14 {[%emt 0:23:46]} Bf6 {[%emt 0:11:48]} 24. d6 {[%emt 0:20:04]} e4 {[%emt 0:03:20]} 25. d7 {[%emt 0:20:00]} R8c6 {[%emt 0:03:43]} 26. Rh1 {[%emt 0:16:25]} Qc7 {[%emt 0:03:22]} 27. Qh2 {[%emt 0:16:08]} g6 {[%emt 0:00:30]} 28. d8=R+ {[%emt 0:00:30]} 1-0

[Event "1.FrauenBL 2016-17"]
[Site "Berlin"]
[Date "2017.04.29"]
[Round "11.9"]
[White "Birkholz, Olga"]
[Black "Klek, Hanna Marie"]
[Result "1/2-1/2"]
[WhiteElo "2082"]
[BlackElo "2376"]
[Annotator "ChessBase"]
[PlyCount "79"]
[EventDate "2017.??.??"]
[EventType "team-tourn"]
[EventCountry "GER"]
[SourceTitle "playchess.com"]
[Source "ChessBase"]
[SourceQuality "1"]
[WhiteTeam "SG Augsburg"]
[BlackTeam "SF Deizisau"]
[TimeControl "40/6000+30:3000+30"]

1. d4 {[%emt 1:29:12]} Nf6 {[%emt 1:30:23]} 2. Nf3 {[%emt 1:28:52]} e6 {[%emt 1:30:35]} 3. c3 {[%emt 1:28:35]} c5 {[%emt 1:29:37]} 4. e3 {[%emt 1:29:37]} b6 {[%emt 1:29:03]} 5. Bd3 {[%emt 1:27:05]} Bb7 {[%emt 1:28:31]} 6. Nbd2 {[%emt 1:27:05]} Be7 {[%emt 1:25:58]} 7. O-O {[%emt 1:27:14]} O-O {[%emt 1:22:27]} 8. Ne5 {[%emt 1:22:27]} d6 {[%emt 1:22:27]} 9. Ng4 {[%emt 1:22:17]} Nbd7 {[%emt 1:05:48]} 10. f4 {[%emt 1:21:59]} e5 {[%emt 1:00:11]} 11. fxe5 {[%emt 1:09:19]} dxe5 {[%emt 0:59:01]} 12. dxe5 {[%emt 1:07:52]} Nxg4 {[%emt 0:54:16]} 13. Qxg4 {[%emt 1:08:20]} Bg5 {[%emt 0:48:08]} 14. Qh3 {[%emt 0:58:17]} Bh6 {[%emt 0:43:32]} 15. Nf3 {[%emt 0:43:32]} Bxf3 {[%emt 0:38:34]} 16. gxf3 {[%emt 0:50:01]} Nxe5 {[%emt 0:38:52]} 17. Be4 {[%emt 0:50:23]} Rc8 {[%emt 0:37:43]} 18. Qf5 {[%emt 0:45:00]} Ng6 {[%emt 0:37:48]} 19. f4 {[%emt 0:41:36]} Rc7 {[%emt 0:34:48]} 20. Bc2 {[%emt 0:34:48]} c4 {[%emt 0:30:48]} 21. e4 {[%emt 0:29:48]} Ne7 {[%emt 0:28:07]} 22. Qh3 {[%emt 0:29:50]} f5 {[%emt 0:24:27]} 23. Be3 {[%emt 0:25:10]} fxe4 {[%emt 0:22:58]} 24. Bxe4 {[%emt 0:22:58]} Rd7 {[%emt 0:17:56]} 25. Qe6+ {[%emt 0:23:06]} Kh8 {[%emt 0:23:06]} 26. Qxc4 {[%emt 0:23:06]} Nf5 {[%emt 0:18:17]} 27. Bxf5 {[%emt 0:09:23]} Rxf5 {[%emt 0:18:46]} 28. Rf3 {[%emt 0:09:51]} Qf8 {[%emt 0:09:51]} 29. Raf1 {[%emt 0:09:08]} Rdf7 {[%emt 0:14:26]} 30. Qd4 {[%emt 0:14:26]} Bg5 {[%emt 0:06:38]} 31. Kg2 {[%emt 0:05:32]} Qa8 {[%emt 0:13:17]} 32. Kg3 {[%emt 0:04:18]} Be7 {[%emt 0:11:16]} 33. Qc4 {[%emt 0:03:40]} b5 {[%emt 7:50:20]} 34. Qd3 {[%emt 7:50:20]} Qc6 {[%emt 0:02:45]} 35. Kg2 {[%emt 0:00:41]} Bd6 {[%emt 0:04:57]} 36. Kg1 {[%emt 0:04:57]} a6 {[%emt 0:03:08]} 37. Qc2 {[%emt 0:00:14]} h6 {[%emt 0:01:35]} 38. Qd3 {[%emt 0:00:15]} Bc7 {[%emt 0:01:14]} 39. Qc2 {[%emt 0:00:17]} Bd6 {[%emt 0:00:17]} 40. Qd3 {[%emt 0:00:47]} 1/2-1/2

[Event "1.FrauenBL 2016-17"]
[Site "Berlin"]
[Date "2017.04.29"]
[Round "11.9"]
[White "Spiel, Marianne"]
[Black "Rapport, Jovana"]
[Result "0-1"]
[WhiteElo "1921"]
[BlackElo "2334"]
[Annotator "ChessBase"]
[PlyCount "60"]
[EventDate "2017.??.??"]
[EventType "team-tourn"]
[EventCountry "GER"]
[SourceTitle "playchess.com"]
[Source "ChessBase"]
[SourceQuality "1"]
[WhiteTeam "FC Bayern München"]
[BlackTeam "SK Schwäbisch Hall"]
[TimeControl "40/6000+30:3000+30"]

1. e4 {[%emt 1:30:26]} g6 {[%emt 1:30:22]} 2. d4 {[%emt 1:30:22]} Nf6 {[%emt 1:30:47]} 3. Nc3 {[%emt 1:30:43]} d5 {[%emt 1:31:12]} 4. exd5 {[%emt 1:23:46]} Nxd5 {[%emt 1:23:46]} 5. Nf3 {[%emt 1:23:36]} Nxc3 {[%emt 1:31:23]} 6. bxc3 {[%emt 1:23:56]} Bg7 {[%emt 1:31:51]} 7. Be2 {[%emt 1:14:39]} c5 {[%emt 1:30:35]} 8. O-O {[%emt 1:09:46]} O-O {[%emt 1:30:39]} 9. Be3 {[%emt 1:05:18]} Nd7 {[%emt 1:27:17]} 10. Qd2 {[%emt 1:27:17]} Nf6 {[%emt 1:02:23]} 11. Rfd1 {[%emt 1:23:34]} Ne4 {[%emt 1:23:29]} 12. Qd3 {[%emt 0:55:56]} Bf5 {[%emt 1:22:28]} 13. Qc4 {[%emt 1:22:28]} b5 {[%emt 0:54:24]} 14. Qb3 {[%emt 0:46:42]} c4 {[%emt 0:46:42]} 15. Qb2 {[%emt 1:14:05]} Qa5 {[%emt 1:12:28]} 16. Bd2 {[%emt 0:30:32]} Qa4 {[%emt 1:08:52]} 17. Be1 {[%emt 1:08:52]} Rfd8 {[%emt 1:03:35]} 18. Nh4 {[%emt 0:15:00]} Be6 {[%emt 0:15:00]} 19. g3 {[%emt 1:03:53]} Bd5 {[%emt 0:56:50]} 20. Ng2 {[%emt 0:09:46]} Ng5 {[%emt 0:57:05]} 21. Nh4 {[%emt 0:08:08]} Be4 {[%emt 0:08:08]} 22. Rac1 {[%emt 0:07:58]} Qa6 {[%emt 0:45:43]} 23. Bd2 {[%emt 0:04:59]} Qf6 {[%emt 0:40:32]} 24. f4 {[%emt 0:02:11]} Nh3+ {[%emt 0:40:17]} 25. Kf1 {[%emt 0:02:18]} g5 {[%emt 0:32:05]} 26. Ng2 {[%emt 0:02:23]} Qc6 {[%emt 0:31:33]} 27. Ne1 {[%emt 0:01:58]} gxf4 {[%emt 0:30:46]} 28. Bg4 {[%emt 0:00:47]} fxg3 {[%emt 0:30:46]} 29. hxg3 {[%emt 0:00:54]} Qf6+ {[%emt 0:31:00]} 30. Ke2 {[%emt 0:31:00]} Qf2# {[%emt 0:31:23]} 0-1

[Event "1.FrauenBL 2016-17"]
[Site "Berlin"]
[Date "2017.04.29"]
[Round "11.10"]
[White "Straub, Natalia"]
[Black "Horvath, Miklosne"]
[Result "1-0"]
[WhiteElo "2188"]
[BlackElo "2130"]
[Annotator "NA"]
[PlyCount "123"]
[EventDate "2017.??.??"]
[EventType "team-tourn"]
[EventCountry "GER"]
[SourceTitle "playchess.com"]
[Source "ChessBase"]
[SourceQuality "1"]
[WhiteTeam "SF Deizisau"]
[BlackTeam "SG Augsburg"]
[TimeControl "40/6000+30:3000+30"]

1. d4 {[%emt 1:30:28]} d5 {[%emt 1:30:22]} 2. c4 {[%emt 1:30:32]} c6 {[%emt 1:30:17]} 3. Nf3 {[%emt 1:30:17]} Nf6 {[%emt 1:30:06]} 4. Qc2 {[%emt 1:30:30]} g6 {[%emt 1:30:30]} 5. Bf4 {[%emt 1:29:25]} Bf5 {[%emt 1:27:26]} 6. Qb3 {[%emt 1:28:52]} Qb6 {[%emt 1:19:47]} 7. c5 {[%emt 1:24:01]} Qxb3 {[%emt 1:24:01]} 8. axb3 {[%emt 1:23:39]} Nbd7 {[%emt 1:23:39]} 9. Nc3 {[%emt 1:19:32] D11: Slav Defence: 3 Nf3 sidelines and 3...Nf6 4 e3 Bg4} a6 {[%emt 1:09:54]} 10. h3 {[%emt 1:09:54]} h5 {[%emt 1:05:48]} 11. e3 {[%emt 1:14:02]} Bg7 {[%emt 1:04:50]} 12. b4 {[%emt 1:05:07]} O-O {[%emt 1:02:42] LiveBook: 3 Games} 13. Nh4 $146 {[%emt 1:02:42]} (13. Be2 Rfe8 14. O-O Ne4 15. Rfd1 f6 16. Bh2 g5 17. Nxe4 Bxe4 18. Nd2 Bg6 19. Re1 {1-0 (41) Makarov,M (2505)-Grinberg,I (2112) St Petersburg 2014}) 13... Be6 {[%emt 0:54:02]} ({Better is} 13... Rfe8 $11) 14. Bd3 {[%emt 0:57:21]} Nh7 {[%emt 0:53:56]} 15. Kd2 {[%emt 0:53:56]} Ndf6 {[%emt 0:49:24]} 16. Nf3 {[%emt 0:49:24]} Rad8 {[%emt 0:35:10]} 17. Rag1 {[%emt 0:21:50]} Bc8 {[%emt 0:47:57]} 18. Kc2 {[%emt 0:18:35]} Rde8 {[%emt 0:31:38]} 19. Bc7 {[%emt 0:15:19]} Bd7 {[%emt 0:21:36]} 20. Bh2 {[%emt 0:21:36]} Bc8 {[%emt 0:20:39]} 21. Bc7 {[%emt 0:20:39]} Bd7 {[%emt 0:12:31]} 22. Bh2 {[%emt 0:12:14]} Bc8 {[%emt 0:21:04]} 23. Nd2 {[%emt 0:10:01]} Nd7 {[%emt 0:13:07]} 24. f4 {[%emt 0:10:18]} f5 {[%emt 0:12:49]} 25. g4 {[%emt 0:09:41]} hxg4 {[%emt 0:12:56]} 26. hxg4 {[%emt 0:10:05]} Ndf6 {[%emt 0:11:39]} 27. gxf5 {[%emt 0:06:52]} Bxf5 {[%emt 0:12:00]} 28. Nf3 {[%emt 0:05:19]} Ng4 {[%emt 0:11:18]} 29. Nd1 {[%emt 0:05:48]} Nhf6 {[%emt 0:05:48]} 30. Nh4 {[%emt 0:04:44]} Bxd3+ {[%emt 0:05:19]} 31. Kxd3 {[%emt 0:05:19]} Kf7 {[%emt 0:05:10]} 32. Nf3 {[%emt 0:03:35]} Rh8 {[%emt 0:05:12]} 33. Ng5+ {[%emt 0:03:51]} Kg8 {[%emt 0:05:25]} 34. Bg3 {[%emt 0:04:15]} Rh5 {[%emt 0:01:55]} 35. Nf2 {[%emt 0:02:36]} ({Better is} 35. Bh4 $14) 35... Nh6 {[%emt 0:02:36]} 36. Nfh3 {[%emt 0:01:41]} Nf5 {[%emt 0:01:38]} 37. Be1 {[%emt 0:01:38]} Bh6 {[%emt 0:01:13]} 38. Nf3 {[%emt 0:00:18]} Kh7 {[%emt 0:00:27]} 39. Nf2 {[%emt 0:00:12]} Rxh1 {[%emt 0:00:12]} 40. Rxh1 {[%emt 0:00:25]} Kg7 {[%emt 0:00:11]} 41. Ne5 {[%emt 0:00:11]} Rg8 {[%emt 0:27:00]} 42. Nfg4 {[%emt 0:12:45]} Ne4 {[%emt 0:12:45]} 43. Bh4 {[%emt 0:06:46]} Rh8 {[%emt 0:20:03]} 44. Be1 {[%emt 0:05:38]} Rg8 {[%emt 0:14:05]} 45. Nf3 {[%emt 0:05:36]} Rh8 {[%emt 0:11:13]} 46. Bh4 {[%emt 0:04:24]} (46. Rg1 $16) 46... Nf6 {[%emt 0:08:34]} (46... Kg8 $11) 47. Nf2 {[%emt 0:03:44]} (47. Nge5 $16) 47... Rg8 {[%emt 0:04:31]} 48. Bg5 {[%emt 0:02:32]} Rh8 {[%emt 0:02:32]} 49. Bxh6+ {[%emt 0:03:28]} Rxh6 {[%emt 0:03:28]} 50. Rxh6 {[%emt 0:03:57]} Kxh6 {[%emt 0:03:57]} 51. Ng5 {[%emt 0:03:28]} Ng7 {[%emt 0:03:23]} 52. Nf7+ {[%emt 0:03:23]} Kh5 {[%emt 0:03:05]} 53. Nd8 {[%emt 0:03:57]} Kh4 {[%emt 0:02:29]} 54. Nxb7 {[%emt 0:03:41]} Ne6 {[%emt 0:02:52] [#]} 55. Na5 {[%emt 0:03:21]} ({White should play} 55. Ke2 $1 $18) 55... Kg3 {[%emt 0:02:48]} (55... Nd8 $142) 56. Ke2 {[%emt 0:02:48]} ({Stronger than} 56. Nxc6 Kxf2 57. Nxe7 g5 58. fxg5 Nxg5 $11) 56... Nd8 {[%emt 0:02:43]} 57. Nd3 {[%emt 0:03:42]} Ng4 $2 {[%emt 0:02:28] [#]} (57... Nd7 58. Ne1 Kg4) 58. b5 $1 {[%emt 0:03:48]} axb5 {[%emt 0:02:44]} (58... cxb5 {was necessary.} 59. Nb4 Nf6) 59. Nb4 {[%emt 0:04:17]} Nh6 {[%emt 0:04:17]} 60. Naxc6 $18 {[%emt 0:04:35]} Nxc6 {[%emt 0:01:32]} 61. Nxc6 {[%emt 0:05:03]} Nf5 {[%emt 0:01:46]} 62. Ne5 {[%emt 0:01:46]} 1-0